[Event "CHN-chB"]
[Site "Qinhuangdao"]
[Date "2017.07.16"]
[Round "2"]
[White "Xu, Minghui"]
[Black "Wang, Zifan"]
[Result "1-0"]
[WhiteElo "2317"]
[BlackElo "1769"]
[PlyCount "111"]
[EventDate "2017.07.16"]
[EventType "swiss"]
[EventRounds "11"]
[EventCountry "CHN"]
[SourceTitle "CBM 179 Extra"]
[Source "ChessBase"]
[SourceDate "2017.08.23"]
[SourceVersion "1"]
[SourceVersionDate "2017.08.23"]
[SourceQuality "1"]

1. d4 Nf6 2. c4 e6 3. g3 d5 4. Bg2 Be7 5. Nf3 0-0 6. Qc2 c6 7. 0-0 Nbd7 8. Nbd2 b6 9. b3 Bb7 10. Bb2 Rc8 11. e4 dxe4 12. Nxe4 c5 13. Nxf6+ Nxf6 14. Rad1 Qc7 15. d5 exd5 16. Be5 Qd8 17. Nh4 Nd7 18. Bxg7 Kxg7 19. Nf5+ Kh8 20. Bxd5 Bxd5 21. Rxd5 Bf6 22. Rfd1 Rc7 23. Qd2 Bg5 24. Qd3 Qa8 25. Nd6 Be7 26. Nb5 Rb7 27. Rxd7 Rxd7 28. Qxd7 Rd8 29. Qg4 Rxd1+ 30. Qxd1 a6 31. Nc7 Qc8 32. Nd5 Qd8 33. Qf3 Kg8 34. Qg4+ Kh8 35. Qf5 Kg8 36. Qc8 Kg7 37. Qxa6 Bf6 38. Qxb6 Qxb6 39. Nxb6 Bc3 40. Kf1 f5 41. Ke2 Kf7 42. Kd3 Ba5 43. Nd5 Ke6 44. a3 Bd8 45. b4 cxb4 46. axb4 Kd7 47. c5 Kc6 48. Kc4 h5 49. b5+ Kb7 50. c6+ Kc8 51. b6 Kb8 52. c7+ Bxc7 53. bxc7+ Kc8 54. Kc5 h4 55. Kc6 hxg3 56. Ne7# 1-0